Szczegóły MARC21

Dyskurs polskich wiadomości prasowych /

003 -Nazwa inst., której nr kontr. jest w polu 001 [,]
    • @
    • Nazwa instytucji, której n kontrolny jest w polu 001
    • NUKAT
005 -DATA I CZAS OSTATNIEJ MODYFIKACJI [,]
    • @
    • pole kontrolne
    • 20241231105457.0
020 -Międzynarod. znormalizowany nr książki - ISBN [ , ]
    • a
    • Numer ISBN
    • 8324207929 Find
040 -Instytucja sporządzająca opis [ , ]
    • a
    • Instytucja, która sporządziła opis (NP)
    • KR U/66GK
    • c
    • Instytucja, która sporządziła rekord (NP)
    • KR U/66GK
    • d
    • Instytucja, która zmodyfikowała rekord (P)
    • KR U/66GK
    • d
    • Instytucja, która zmodyfikowała rekord (P)
    • KR 295/MAGs
    • d
    • Instytucja, która zmodyfikowała rekord (P)
    • KR U/ABs
    • d
    • Instytucja, która zmodyfikowała rekord (P)
    • WA N/PBss
942 -Rodzaj dokumentu [ , ]
    • c
    • Rodzaj dokumentu
    • Książka
100 -Hasło główne - nazwa osobowa [1, ]
    • a
    • Nazwa osobowa (NP)
    • Piekot, Tomasz.
    • 9
    • KHW
    • 286
245 -Strefa tytułu i oznaczenia odpowiedzialności [1,0]
    • a
    • Tytuł
    • Dyskurs polskich wiadomości prasowych / Find
    • c
    • Pozostałe elementy strefy tytułu i oznaczenia odpowiedzialności (NP)
    • Tomasz Piekot.
260 -Strefa adresu wydawniczego [ , ]
    • a
    • Miejsce wydania (P)
    • Kraków :
    • b
    • Nazwa wydawcy (P)
    • Towarzystwo Autorów i Wydawców Prac Naukowych Universitas,
    • c
    • Data wydania (P)
    • cop. 2006.
300 -Strefa opisu fizycznego [ , ]
    • a
    • Określenie formy książki i/lub objętość (NP)
    • 335, [1] s., [3] k. tabl. kolor. :
    • b
    • Oznaczenie ilustracji (NP)
    • il. ;
    • c
    • Format (NP)
    • 24 cm.
336 -Typ zawartości [ , ]
    • a
    • Termin opisujący typ zawartości
    • Tekst
    • b
    • Kod określający zawartość
    • txt
    • 2
    • Źródło (terminu i kodu)
    • rdacontent
337 -Typ mediów [ , ]
    • a
    • Tryb odtwarzania
    • Bez urządzenia pośredniczącego
    • b
    • Kod typu mediów
    • n
    • 2
    • Źródło (terminu i kodu)
    • rdamedia
338 -Typ/rodzaj nośnika [ , ]
    • a
    • Hasło opisujące typ nośnika
    • Wolumin
    • b
    • Kod typu nośnika
    • nc
    • 2
    • Źródło (terminu i kodu)
    • rdacarrier
504 -Uwaga dot. bibliogr. załącznikowej [ , ]
    • a
    • Uwaga dot. bibliografii załącznikowej
    • Bibliogr. s. 289-329. Indeks.
080 -Uniwersalna Klasyfikacja Dziesiętna [ , ]
    • 2
    • Identyfikator wydania tablic
    • UDC- P058
    • a
    • Symbol klasyfikacji
    • 811.162.1'38
    • b
    • Dopowiedzenie
    • Stylistyka.
    • x
    • Poddział wspólny
    • (438)
    • b
    • Dopowiedzenie
    • (Polska).
    • x
    • Poddział wspólny
    • "1989/..."
    • b
    • Dopowiedzenie
    • Od 1989.
080 -Uniwersalna Klasyfikacja Dziesiętna [ , ]
    • 2
    • Identyfikator wydania tablic
    • UDC- P058
    • a
    • Symbol klasyfikacji
    • 317.77
    • b
    • Dopowiedzenie
    • Socjologia komunikowania. Komunikacja społeczna. Wpływ środków masowego przekazu, decydentów, cenzury. Sprzężenie zwrotne komunikowania. Kultura audiowizualna.
    • x
    • Poddział wspólny
    • (438)
    • b
    • Dopowiedzenie
    • (Polska).
    • x
    • Poddział wspólny
    • "1989/..."
    • b
    • Dopowiedzenie
    • Od 1989.
080 -Uniwersalna Klasyfikacja Dziesiętna [ , ]
    • 2
    • Identyfikator wydania tablic
    • UDC- P058
    • a
    • Symbol klasyfikacji
    • 050+070
    • b
    • Dopowiedzenie
    • Prasoznawstwo. Czasopiśmiennictwo. Rodzaje czasopism. Redagowanie, wydawanie i kolportaż czasopism i prasy. Dziennikarstwo. Znaczenie prasy. Wolność prasy.
    • x
    • Poddział wspólny
    • (438)
    • b
    • Dopowiedzenie
    • (Polska).
    • x
    • Poddział wspólny
    • "1989/..."
    • b
    • Dopowiedzenie
    • Od 1989.
650 -Hasło przedmiotowe [ ,7]
    • a
    • Hasło przedmiotowe
    • Prasa
    • z
    • Określnik geograficzny
    • Polska
    • y
    • Określnik chronologiczny
    • 1990-.
    • 2
    • Źródło terminu
    • kaba
    • 9
    • KHW
    • 375636
650 -Hasło przedmiotowe [ ,7]
    • a
    • Hasło przedmiotowe
    • Dziennikarstwo
    • z
    • Określnik geograficzny
    • Polska
    • y
    • Określnik chronologiczny
    • 1990-.
    • 2
    • Źródło terminu
    • kaba
    • 9
    • KHW
    • 352838
650 -Hasło przedmiotowe [ ,7]
    • a
    • Hasło przedmiotowe
    • Prasa
    • x
    • Określnik rzeczowy
    • język.
    • 2
    • Źródło terminu
    • kaba
    • 9
    • KHW
    • 364489
650 -Hasło przedmiotowe [ ,7]
    • a
    • Hasło przedmiotowe
    • Analiza dyskursu.
    • 2
    • Źródło terminu
    • kaba
    • 9
    • KHW
    • 101233
650 -Hasło przedmiotowe [ ,7]
    • a
    • Hasło przedmiotowe
    • Analiza tekstu.
    • 2
    • Źródło terminu
    • kaba
    • 9
    • KHW
    • 144142
980 -Symbol UKD [ , ]
    • a
    • UKD
    • 811.162.1'38:317.77:050+070](438)"1989/..."
710 -Hasło dodatkowe - nazwa ciała zbiorowego [2, ]
    • a
    • Nazwa ciała zbiorowego lub nazwa geograficzna jako pierwszy element (NP)
    • Towarzystwo Autorów i Wydawców Prac Naukowych "Universitas".
    • 4
    • Kod relacji
    • pbl
    • 9
    • KHW
    • 56074
920 -ISBN [ , ]
    • a
    • ISBN
    • 83-242-0792-9 Find
Data inwentaryzacji Lokalizacja Numer inwentarzowy Sygnatura Status udost.
2008-12-09BMP.21427POL. Prasa 041